What is minimum viable product? /

The Lean Startup movement has popularized the notion of "minimum viable product"-but what does it actually mean for today's organizations? This segment introduces the concept of "minimum viable product" with an emphasis on validating learning in real-world markets. This clip...

Full description

Bibliographic Details
Main Author: LeMay, Matt (Author)
Corporate Author: Safari, an O'Reilly Media Company
Format: eBook
Language:English
Published: O'Reilly Media, Inc., 2018.
Edition:1st edition.
Subjects:
Online Access:Connect to this electronic resource

MARC

Tag First Indicator Second Indicator Subfields
LEADER 00000ugm a2200000 a 4500
001 in00004231321
005 20260128224353.7
006 m o d
007 cr cn
008 050218s2018 xx v eng
020 |z 9781492036982 
035 |a (CaSebORM)9781492036999 
040 |d UtOrBLW 
041 0 |a eng 
100 1 |a LeMay, Matt,  |e author. 
245 1 0 |a What is minimum viable product? /  |c LeMay, Matt. 
250 |a 1st edition. 
264 1 |b O'Reilly Media, Inc.,  |c 2018. 
300 |a 1 online resource (1 video file, approximately 4 min.) 
336 |a two-dimensional moving image  |b tdi  |2 rdacontent 
337 |a computer  |b c  |2 rdamedia 
338 |a online resource  |b cr  |2 rdacarrier 
347 |a video file 
520 |a The Lean Startup movement has popularized the notion of "minimum viable product"-but what does it actually mean for today's organizations? This segment introduces the concept of "minimum viable product" with an emphasis on validating learning in real-world markets. This clip is taken from the original video course "Agile for Everybody-Prototypes and Minimum Viable Products for the Real World." 
533 |a Electronic reproduction.  |b Boston, MA :  |c Safari,  |n Available via World Wide Web. 
538 |a Mode of access: World Wide Web. 
542 |f Copyright © O'Reilly Media, Inc. 
588 |a Online resource; Title from title screen (viewed April 10, 2018) 
500 |a Videorecording. 
655 7 |a Electronic videos.  |2 local 
710 2 |a Safari, an O'Reilly Media Company. 
856 4 0 |u https://proxy.library.tamu.edu/login?url=https://go.oreilly.com/TAMU/library/view/-/9781492036999/?ar  |z Connect to this electronic resource  |t 0 
999 f f |s 7852d61a-c1a0-34d2-a203-3ac9718b9d0b  |i e2e18afd-93fa-3fc2-92b5-3a97b8e86d7e  |t 0 
952 f f |a Texas A&M University  |b College Station  |c Electronic Resources  |s www_evans  |d Available Online  |t 0  |h No information provided 
998 f f |t 0  |l Available Online